000 00691nam a2200193 a 4500
001 000026595
005 20200930030314.0
008 110323s2006 000 spa d
040 _aDO-SdBNP
_bspa
_cBNPHU
110 1 _aRepública Dominicana
_bConsejo Nacional de Asuntos Urbanos
_953347
245 1 0 _aLineamientos de políticas de desarrollo urbano para la ciudad de Mao /
_cJulio O. Corral, Angela Malagón, Evelio Toribio.
260 _aSanto Domingo :,
_c2006
_bCONAU.
300 _a233 p. :
_bil.,map. ;
_c28 cm.
504 _aBibliografía: p. 222-226
700 1 _aCorral, Julio O.
_953701
700 1 _aMalagón, Angela
_943937
700 1 _aToribio, Evelio
_944075
049 _aBNPD
999 _c26087
_d26087